Cities by TV Shows - Statistics

General Stats
  • This quiz has been taken 146 times
    118 since last reset
  • The average score is 9 of 12
Answer Stats
TV Shows City % Correct
Friends, Castle, Sex and the City New York City
98%
Modern Family, The Fresh-Prince of Bel-Air, The Brady Bunch Los Angeles
89%
CSI: _____, The Golden Girls, Jane the Virgin Miami
85%
It's Always Sunny In ____________, How to Get Away with Murder, Hack Philadelphia
79%
Grey's Anatomy, Station 19, Millennium Seattle
75%
Sherlock, Call the Midwife, Whitechapel London
74%
Rizzoli & Isles, Cheers, ______ Legal Boston
73%
Full House, Party of Five, The OA San Francisco
73%
Criminal Minds, Designated Survivor, Veep Washington D.C.
69%
NCIS: ___ _______, Cloak & Dagger, Bourbon Street Beat New Orleans
65%
Killing Eve, Queen's Gambit, Emily in _____ Paris
61%
Degrassi, Kim's Convenience, Orphan Black Toronto
39%
No matching quizzes found
Score Distribution
Percent of People with Each Score
Percentile by Number Answered
Your Score History
You have not taken this quiz since the last reset